00696cam a22002291a 4500001001300000003000400013005001700017008004100034010001700075035001900092040002500111042001200136043001200148050002000160245002800180260009300208300005300301500001100354500004900365651003500414999001700449sa 65010245 DLC20260227112207.0820524s1964 ii bo 000 0 eng  asa 65010245  a(OCoLC)8457836 aDLCcMoSpBBdPUdDLC apremarc aa-ii---00aDS485.B493bA5500aWest Bengal and Orissa. aNew Delhi, India :bDept. of Tourism, Ministry of Transport, Government of India,c1964. a131 p. :bill., photos, 1 fold-out map ;c18 cm. a(Pbk.) aCover title: India : West Bengal and Orissa. 0aIndiaxDescription and travel. c66647d66647